Fr. Conceicao Rodrigues College of Engineering

Materials & Process in Electronics (Record no. 19915)

MARC details
000 -LEADER
fixed length control field 00286nam a2200133Ia 4500
100 ## - MAIN ENTRY--PERSONAL NAME
Personal name Jowett C.E.
245 ## - TITLE STATEMENT
Title Materials & Process in Electronics
260 ## - PUBLICATION, DISTRIBUTION, ETC.
Name of publisher, distributor, etc. Hutchinson
Place of publication, distribution, etc. London
Date of publication, distribution, etc. 1982
300 ## - PHYSICAL DESCRIPTION
Extent 1074
546 ## - LANGUAGE NOTE
Language note ENGLISH
654 ## - SUBJECT ADDED ENTRY--FACETED TOPICAL TERMS
Focus term Electronics
942 ## - ADDED ENTRY ELEMENTS (KOHA)
Koha item type BOOK
Holdings
Withdrawn status Lost status Damaged status Not for loan Collection Home library Current library Date acquired Source of acquisition Cost, normal purchase price Total Checkouts Full call number Barcode Date last seen Cost, replacement price Price effective from Koha item type
        CRC Fr. Agnel's C.Rodrigues College of Engineering Fr. Agnel's C.Rodrigues College of Engineering 17/03/2023 global books 1109.25   6675 17/03/2023 1109.25 17/03/2023 BOOK